<?xml version="1.0" encoding="UTF-8"?>
<marc:record xmlns:marc="http://www.loc.gov/MARC21/slim">
   <marc:leader>00000nam a2200000 a 4500</marc:leader>
   <marc:datafield ind1="1" ind2=" " tag="100">
      <marc:subfield code="a">Rome, Mina</marc:subfield>
      <marc:subfield code="4">aut</marc:subfield>
      <marc:subfield code="e">Verfasser/-in</marc:subfield>
   </marc:datafield>
   <marc:datafield ind1=" " ind2=" " tag="653">
      <marc:subfield code="a">Vegan</marc:subfield>
   </marc:datafield>
   <marc:datafield ind1=" " ind2=" " tag="653">
      <marc:subfield code="a">einfache vegane Rezepte</marc:subfield>
   </marc:datafield>
   <marc:datafield ind1=" " ind2=" " tag="653">
      <marc:subfield code="a">vegane Ernährung</marc:subfield>
   </marc:datafield>
   <marc:datafield ind1=" " ind2=" " tag="653">
      <marc:subfield code="a">vegan kochen</marc:subfield>
   </marc:datafield>
   <marc:datafield ind1=" " ind2=" " tag="653">
      <marc:subfield code="a">vegane Küche</marc:subfield>
   </marc:datafield>
   <marc:datafield ind1=" " ind2=" " tag="653">
      <marc:subfield code="a">vegan für Anfänger</marc:subfield>
   </marc:datafield>
   <marc:datafield ind1=" " ind2=" " tag="653">
      <marc:subfield code="a">veganes Kochbuch für Anfänger</marc:subfield>
   </marc:datafield>
   <marc:datafield ind1=" " ind2=" " tag="653">
      <marc:subfield code="a">Nachhaltiger Leben</marc:subfield>
   </marc:datafield>
   <marc:datafield ind1=" " ind2=" " tag="653">
      <marc:subfield code="a">Pflanzliche Ernährung</marc:subfield>
   </marc:datafield>
   <marc:datafield ind1=" " ind2=" " tag="653">
      <marc:subfield code="a">Pflanzliche Küche</marc:subfield>
   </marc:datafield>
   <marc:datafield ind1=" " ind2=" " tag="653">
      <marc:subfield code="a">Plant based</marc:subfield>
   </marc:datafield>
   <marc:datafield ind1=" " ind2=" " tag="653">
      <marc:subfield code="a">Tierwohl</marc:subfield>
   </marc:datafield>
   <marc:datafield ind1=" " ind2=" " tag="653">
      <marc:subfield code="a">Veganismus</marc:subfield>
   </marc:datafield>
   <marc:datafield ind1=" " ind2=" " tag="653">
      <marc:subfield code="a">YouTube</marc:subfield>
   </marc:datafield>
   <marc:datafield ind1=" " ind2=" " tag="653">
      <marc:subfield code="a">Softcover / Ratgeber/Essen</marc:subfield>
   </marc:datafield>
   <marc:datafield ind1=" " ind2=" " tag="653">
      <marc:subfield code="a">Trinken/Gesunde Küche</marc:subfield>
   </marc:datafield>
   <marc:datafield ind1=" " ind2=" " tag="653">
      <marc:subfield code="a">Schlanke Küche</marc:subfield>
   </marc:datafield>
   <marc:datafield ind1="0" ind2="0" tag="245">
      <marc:subfield code="a">All day vegan</marc:subfield>
   </marc:datafield>
   <marc:datafield ind1="0" ind2="0" tag="245">
      <marc:subfield code="b">100 easy Rezepte von YouTube-Star Mina Rome</marc:subfield>
   </marc:datafield>
   <marc:datafield ind1="0" ind2="0" tag="245">
      <marc:subfield code="c">Mina Rome</marc:subfield>
   </marc:datafield>
   <marc:datafield ind1=" " ind2="1" tag="264">
      <marc:subfield code="a">München</marc:subfield>
      <marc:subfield code="b">DK Verlag Dorling Kindersley</marc:subfield>
      <marc:subfield code="c">2022</marc:subfield>
   </marc:datafield>
   <marc:datafield ind1=" " ind2=" " tag="250">
      <marc:subfield code="a">1. Auflage</marc:subfield>
   </marc:datafield>
   <marc:datafield ind1="1" ind2=" " tag="520">
      <marc:subfield code="a">Angaben aus der Verlagsmeldung

All day vegan : 100 einfache Rezepte auf pflanzlicher Basis / von Mina Rome

Veganer Genuss den ganzen Tag!
YouTuberin Mina Rome begeistert in diesem veganen Kochbuch mit 100 alltagstauglichen Rezepten von Frühstück bis Abendessen. Originell und einfach liefert sie den ultimativen Beweis, wie kreativ, vielfältig und lecker die vegane Küche ist. Ob Pancakes für den perfekten Start in den Tag, kunterbunte Bowls und Wraps zum Lunch, Energy Bites für den kleinen Nachmittagssnack oder cremige Pasta für den Feierabend – mit diesen veganen Rezepten kommen alle auf ihre Kosten!

Nachhaltig, gesund, lecker:

• 24/7 vegan: Das erste Kochbuch der erfolgreichen YouTuberin Mina Rome mit lässigen und leckeren Rezepten für jede Tageszeit
• Perfekt für Vegan-Einsteiger*innen: 100 einfache Rezepte mit gut erhältlichen Zutaten
• Food-Trends und beliebte Klassiker aus aller Welt: von perfekten Frühstücks-Pancakes, über Banh-Mi-Salat zum Lunch bis zur deftigen Gyros-Pita zum Abendessen
• Kreativ werden mit unzähligen Rezept-Variationen für jeden Geschmack

Endlich - so unkompliziert kann vegane Küche sein!

Mit gut erhältlichen Zutaten und kreativen Rezeptvariationen für jeden Geschmack finden Genießer*innen problemlos den Einstieg in die vegane Küche – egal ob sie dauerhaft ihre Ernährung umstellen möchten, oder zur Abwechslung vegane Rezepte ausprobieren. Mina Rome macht in 100 einfachen und schnellen Rezepten Lust auf vegane Ernährung. Ob veganisierte Klassiker, kunterbunte Food-Trends aus der ganzen Welt, Gerichte für unterwegs oder Express-Rezepte für jede Lebenslage.

Das erste Kochbuch der YouTuberin Mina Rome – mit 100 Rezepten, die rund um die Uhr Lust auf vegane Ernährung machen!

</marc:subfield>
   </marc:datafield>
   <marc:datafield ind1=" " ind2=" " tag="020">
      <marc:subfield code="a">9783831046492</marc:subfield>
      <marc:subfield code="9">9783831046492</marc:subfield>
   </marc:datafield>
   <marc:datafield ind1=" " ind2=" " tag="020">
      <marc:subfield code="a">3831046492</marc:subfield>
      <marc:subfield code="9">3831046492</marc:subfield>
   </marc:datafield>
   <marc:datafield ind1=" " ind2=" " tag="041">
      <marc:subfield code="a">ger</marc:subfield>
   </marc:datafield>
   <marc:datafield ind1=" " ind2=" " tag="300">
      <marc:subfield code="a">240 Seiten</marc:subfield>
   </marc:datafield>
</marc:record>
